| 000 | 01053cam a2200325 i 4500 | ||
|---|---|---|---|
| 001 | 10017 | ||
| 003 | BD-RjUL | ||
| 005 | 20211208234859.0 | ||
| 008 | 151215s1980 gw a b 001 0 eng | ||
| 020 | _a3540101896 (Berlin) | ||
| 020 | _a0387101896 (New York) | ||
| 035 | _a1826785 | ||
| 040 |
_aDLC _cDLC _dDLC _dBD-RjUL _beng |
||
| 041 | _aeng | ||
| 082 | 0 | 0 |
_a551.303 _219 _bRED 1980 |
| 100 | 1 | 0 |
_aReineck, Hans-Erich. _9118812 |
| 245 | 1 | 0 |
_aDepositional sedimentary environments : _bwith reference to terrigenous clastics / _cH.-E. Reineck, I. B. Singh. |
| 250 | _a2nd, rev. and updated ed. | ||
| 260 |
_aBerlin : _bSpringer-Verlag, _c1980. |
||
| 300 |
_axix, 549 p. : _bill. ; _c27 cm. |
||
| 500 | _a"Springer study edition." | ||
| 504 | _aBibliography (p. [505]-542) and index. | ||
| 650 | 0 |
_aSedimentary rocks. _9118809 |
|
| 650 | 0 |
_aSedimentary structures. _9118813 |
|
| 650 | 0 |
_aSediments (Geology) _9118814 |
|
| 700 | 1 |
_aSingh, I. B. _q(Indra Bir) _9118815 |
|
| 942 |
_2ddc _cBK _04 |
||
| 999 |
_c10017 _d10017 |
||